A lucernatermesztés növelésének további lehetősége és agrotechnikai problémái

Elmentve itt :
Bibliográfiai részletek
Szerző: Kiss Lajos
További közreműködők: Fehér Károly (Témavezető)
Dokumentumtípus: Szakdolgozat
Megjelent: 1986
Kulcsszavak:Lucernatermesztés
Agrotechnika
Tárgyszavak:
Online Access:http://diploma.bibl.u-szeged.hu/99147
LEADER 00756nta a2200229 i 4500
001 dipl99147
005 20220216141824.0
008 220216s1986 hu om 0|| hun d
040 |a SZTE Diploma Repozitórium  |b hun 
041 |a hun 
100 1 |a Kiss Lajos 
245 1 2 |a A lucernatermesztés növelésének további lehetősége és agrotechnikai problémái  |h [elektronikus dokumentum] /  |c Lajos Kiss 
260 |c 1986 
300 |a 24 
650 4 |a Agrár 
650 4 |a Agricultural sciences 
650 4 |a Agriculture, forestry and fisheries 
650 4 |a Agronomy 
695 |a Lucernatermesztés 
695 |a Agrotechnika 
700 1 |a Fehér Károly  |e ths 
856 4 0 |u http://diploma.bibl.u-szeged.hu/id/eprint/99147/1/1986_kiss_lajos.pdf  |z Dokumentum-elérés